LEADER 01260nas 2200409 n 450 001 996258848503316 005 20200330021611.0 011 $a1751-763X 035 $a(OCoLC)518244872 035 $a(CKB)954925421109 035 $a(EXLCZ)99954925421109 100 $a20751110c1949uuuu uy a 101 0 $aeng 135 $aurbn#---auaua 181 $ctxt$2rdacontent 182 $cc$2rdamedia 183 $acr$2rdacontent 200 10$aMagazine of concrete research 210 $a[London]$cThomas Telford Services 215 $a1 online resource 300 $aRefereed/Peer-reviewed 311 $aPrint version: Magazine of concrete research (DLC) 56033878 (OCoLC)1820962$ 0024-9831 606 $aConcrete construction$vPeriodicals 606 $aConcrete$vBibliography$vPeriodicals 606 $aConstruction en be?ton$vPe?riodiques 606 $aBe?ton$vBibliographie$vPe?riodiques 615 0$aConcrete construction 615 0$aConcrete 615 6$aConstruction en be?ton 615 6$aBe?ton 676 $a693.505* 712 02$aCement and Concrete Association. 712 02$aThomas Telford (Firm) 906 $aJOURNAL 912 $a996258848503316 996 $aMagazine of concrete research$9791855 997 $aUNISA